000 00410nam a2200181Ia 4500
001 25231
005 20260414151136.0
008 260414t2006||||xx |||||||||||||| ||spa||
041 _aESP
082 _a346.4
_bT75 T. 1
100 _aTorres Vásquez, Aníbal
_eAUT
245 0 _aDerechos reales
_b
260 _c2006
300 _a
_c24 cm.
650 _aDER
654 _aCDE
942 _cLIB
_dJUS
_fJUS
_2ddc
_n
999 _c25231
_d25231